Statistics for Taylor Swift 98

Click here to take the quiz!

General Stats

  • This quiz has been taken 10 times
  • The average score is 315 of 395

Answer Stats

Answer% Correct
a
100%
and
100%
do
100%
I
100%
me
100%
of
100%
on
100%
say
100%
the
100%
you
100%
can't
88%
day
88%
got
88%
know
88%
my
88%
night
88%
see
88%
she
88%
so
88%
that
88%
to
88%
when
88%
why
88%
your
88%
you're
88%
about
75%
all
75%
at
75%
back
75%
be
75%
been
75%
belong
75%
'bout
75%
by
75%
'cause
75%
could
75%
'cause
75%
doesn't
75%
down
75%
ever
75%
for
75%
girl
75%
going
75%
heels
75%
here
75%
high
75%
if
75%
I'm
75%
in
75%
is
75%
isn't
75%
it
75%
it's
75%
kind
75%
like
75%
looking
75%
makes
75%
not
75%
off
75%
one
75%
phone
75%
said
75%
she's
75%
something
75%
tell
75%
think
75%
thinking
75%
this
75%
time
75%
up
75%
wear
75%
what
75%
where
75%
who
75%
whole
75%
with
75%
you've
75%
along
63%
baby
63%
bench
63%
better
63%
bleachers
63%
captain
63%
cheer
63%
cry
63%
dreaming
63%
dreams
63%
easy
63%
favorite
63%
find
63%
get
63%
girlfriend
63%
has
63%
have
63%
hey
63%
how
63%
jeans
63%
just
63%
laugh
63%
laughing
63%
listening
63%
music
63%
myself
63%
never
63%
oh
63%
park
63%
room
63%
she'll
63%
short
63%
skirts
63%
sneakers
63%
songs
63%
standing
63%
than
63%
thought
63%
t-shirts
63%
Tuesday
63%
typical
63%
understands
63%
upset
63%
waiting
63%
wake
63%
wears
63%
while
63%
brought
50%
doing
50%
door
50%
driving
50%
fine
50%
haven't
50%
help
50%
house
50%
humor
50%
light
50%
maybe
50%
middle
50%
ought
50%
remember
50%
seen
50%
since
50%
smile
50%
story
50%
streets
50%
town
50%
worn-out
50%
walking
38%
whatcha
38%

Score Distribution

Percentile by Number Answered

Percent of People with Each Score

Your Score History

You have not taken this quiz